000 01018 a2200289 4500
005 20260408091902.0
020 _a9781779287892
050 _aK3850
_bCOM 2026
245 _aCompetition law and policy in Zimbabwe and selected Sub-Saharan African jurisdictions /
_cedited by Friedrich Hamadziripi
264 _aHarare :
_bUniversity of Zimbabwe Press,
_c2026
300 _axxxv, 490 pages ;
336 _2rdacontent
_atext
_btxt
337 _2rdamedia
_aunmediated
_bn
338 _2rdacarrier
_avolume
_bnc
504 _a.
505 _a.
520 _a.
650 _aCompetition, Unfair -- Law and legislation
_xZimbabwe
650 _aAntitrust
_xZimbabwe
650 _aTrade regulation
_xZimbabwe
650 _aCompetition policy
_xZimbabwe
650 _aAntitrust law
_xAfrica, Sub-Saharan
650 _aCompetition, Unfair -- Law and legislation
_xAfrica, Sub-Saharan
650 _aCompetition policy
_xAfrica, Sub-Saharan
700 _aHamadziripi, Friedrich
_eeditor
942 _2lcc
_cBK
_h3850
_iCOM
_kK
999 _c11757
_d11757